000
00314nam a2200133 a 4500
008
970409s1970||||xx 0 und c
040
_a
SNK
_b
slo
_c
SNK
_e
AACR2
100
1
_a
Šaling, Samo
245
1
0
_a
Slovník cudzích slov
260
_a
Bratislava
_b
SPN
_c
1970
020
_c
42
041
_a
slo
044
_a
xo
_c
SK
999
_c
19183
_d
19183